00915cam a22003374i 4500003000900000005001700009008004100026035002000067040003300087082002100120130005300141245003300194264005300227300003500280336002100315337002500336338002300361505004400384526001000428526001000438526001000448526001000458526000800468526000800476526000800484526000800492526000800500526000800508526000800516630005300524PE-LiUPU20250731172909.0170504s1971 ilu r 000 0 eng d a(Sirsi) a167516 aPE-LiUPUbspacPE-LiUPUerda04a220.5204bN42200 aBiblia.lInglés.sNew American Standard.f197110aNew American standard Bible. 1aCarol Stream, Illinios :bCreation House,c1971. ax, 396 pages ;c23 centimeters atext2rdacontent aunmediated2rdamedia avolume2rdacarrier0 aThe old Testament -- The New Testament. aSEG42 aSEG41 aSEG40 aSEG39 aP94 aP87 aP86 aP85 aP77 aP76 aP35 aBiblia.lInglés.sNew American Standard.f1971